[Event "?"]
[Site "?"]
[Date "????.??.??"]
[Round "?"]
[White "Prochaska, J."]
[Black "Nautsch, W."]
[Result "0-1"]
[WhiteElo "2003"]
[BlackElo "2206"]
[PlyCount "110"]
[EventDate "2013.??.??"]
[WhiteTeam "Salzburg"]
[BlackTeam "Sportfreunde Katernberg"]

1. e4 e6 2. d4 d5 3. exd5 exd5 4. Bd3 Bd6 5. Nf3 Nf6 6. O-O O-O 7. Bg5 Bg4 8.
Nbd2 Nbd7 9. c3 c6 10. Qc2 h6 11. Bh4 Re8 12. Rae1 Qc7 13. Bg3 Bxg3 14. hxg3 b5
15. a3 a5 16. b4 Nb6 17. Ne5 Nc4 18. Bxc4 bxc4 19. Nxg4 Nxg4 20. Qf5 Nf6 21. g4
axb4 22. axb4 Qd7 23. Qxd7 Nxd7 24. Rxe8+ Rxe8 25. Ra1 Re2 26. Rd1 Nf6 27. Kf1
Re8 28. f3 Ra8 29. Ke2 Ra2 30. Rc1 g5 31. Kd1 h5 32. gxh5 Nxh5 33. Rc2 Ra3 34.
Nf1 Nf4 35. Ne3 Nd3 36. b5 cxb5 37. Nxd5 Ra1+ 38. Kd2 Kg7 39. Nc7 Rb1 40. Ke3
Kf6 41. Ke4 Nf4 42. d5 Ke7 43. Kd4 Kd7 44. g3 Ng6 45. Na6 Kd6 46. Nb4 Ne7 47.
Ra2 Rd1+ 48. Ke3 Nxd5+ 49. Nxd5 Kxd5 50. Ra7 Rd3+ 51. Ke2 Rxc3 52. Rxf7 b4 53.
Rf5+ Kd4 54. Rxg5 Rc2+ 55. Kd1 Rf2 0-1

[Event "?"]
[Site "?"]
[Date "????.??.??"]
[Round "?"]
[White "Hedin, G."]
[Black "Rooze, J."]
[Result "0-1"]
[WhiteElo "2125"]
[BlackElo "2386"]
[PlyCount "64"]
[EventDate "2013.??.??"]
[WhiteTeam "Schweden 2"]
[BlackTeam "Belgien 1"]

1. d4 Nf6 2. c4 c5 3. d5 e6 4. Nc3 exd5 5. cxd5 d6 6. e4 g6 7. Nge2 Bg7 8. Ng3
O-O 9. Be2 a6 10. a4 Re8 11. f3 Nbd7 12. O-O Qc7 13. Be3 h5 14. Nh1 Nh7 15. Bf2
Ne5 16. f4 Ng4 17. Bxg4 Bxg4 18. Qc2 Bd7 19. Ng3 h4 20. Nge2 h3 21. Bh4 hxg2
22. Kxg2 Qc8 23. Kh1 b5 24. f5 b4 25. Rg1 bxc3 26. fxg6 fxg6 27. Rxg6 Bg4 28.
Qxc3 Ra7 29. Rg1 Rxe4 30. Bf6 Qf5 31. R1xg4 Rxg4 32. Rxg4 Qxg4 0-1

[Event "?"]
[Site "?"]
[Date "????.??.??"]
[Round "?"]
[White "Roofthoofd, M."]
[Black "Nordstrom, F."]
[Result "1/2-1/2"]
[WhiteElo "2196"]
[BlackElo "2134"]
[PlyCount "25"]
[EventDate "2013.??.??"]
[WhiteTeam "Belgien 1"]
[BlackTeam "Schweden 2"]

1. e4 e5 2. Nf3 Nc6 3. d4 exd4 4. Bc4 Bc5 5. c3 Nf6 6. e5 d5 7. exf6 dxc4 8.
fxg7 Rg8 9. cxd4 Nxd4 10. O-O Be6 11. Ng5 Qf6 12. Nxe6 Nxe6 13. Nc3 1/2-1/2

[Event "?"]
[Site "?"]
[Date "????.??.??"]
[Round "?"]
[White "Korman, U."]
[Black "Maes, V."]
[Result "1-0"]
[WhiteElo "2150"]
[BlackElo "2182"]
[PlyCount "87"]
[EventDate "2013.??.??"]
[WhiteTeam "Schweden 2"]
[BlackTeam "Belgien 1"]

1. e4 e6 2. d4 d5 3. Nc3 Be7 4. Nf3 Nf6 5. e5 Ne4 6. Bd3 Nxc3 7. bxc3 c5 8. a4
Nc6 9. O-O h6 10. Re1 Bd7 11. Ba3 cxd4 12. Nxd4 Bxa3 13. Rxa3 Qe7 14. Rb3 Nxd4
15. cxd4 Bxa4 16. Rb2 O-O 17. Qg4 Bc6 18. f4 f5 19. Qh3 Kh7 20. g4 g6 21. Kh1
Rg8 22. Re3 Rg7 23. Be2 Rh8 24. Rb1 Kg8 25. Rg3 Rhh7 26. Rbg1 Be8 27. Bf3 b5
28. R1g2 a5 29. c3 a4 30. Bd1 b4 31. gxf5 gxf5 32. cxb4 Qxb4 33. Qh4 Qe1+ 34.
Rg1 Qb4 35. Qf6 Qf8 36. Qxe6+ Qf7 37. Qa6 Rxg3 38. Rxg3+ Rg7 39. Bf3 Kh7 40.
Bxd5 Qh5 41. Rxg7+ Kxg7 42. Qf6+ Kh7 43. Qe7+ Bf7 44. Qxf7+ 1-0

[Event "?"]
[Site "?"]
[Date "????.??.??"]
[Round "?"]
[White "Danner, G."]
[Black "Ghijsen, P."]
[Result "1-0"]
[WhiteElo "2315"]
[BlackElo "2187"]
[PlyCount "65"]
[EventDate "2013.??.??"]
[WhiteTeam "Österreich"]
[BlackTeam "VAS"]

1. d4 d5 2. Nf3 Nf6 3. c4 c6 4. e3 a6 5. Nc3 b5 6. c5 Nbd7 7. Qb3 Rb8 8. Qc2 e5
9. dxe5 Ng4 10. Nd4 Bb7 11. f4 Nxc5 12. Be2 Nh6 13. O-O Ne4 14. Nxc6 Bxc6 15.
Nxe4 Rc8 16. Nf2 Qb6 17. Qd3 Be7 18. Bd2 O-O 19. Bc3 Bb7 20. Bd4 Qg6 21. Qxg6
hxg6 22. Rac1 Nf5 23. Bg4 Rxc1 24. Rxc1 Rc8 25. Rxc8+ Bxc8 26. Bb6 Kf8 27. Nd3
Ke8 28. Kf2 Kd7 29. Bc5 Bxc5 30. Nxc5+ Kc6 31. Bxf5 gxf5 32. Nb3 Bd7 33. Ke2
1-0

[Event "?"]
[Site "?"]
[Date "????.??.??"]
[Round "?"]
[White "Lindner, J."]
[Black "Kwatschewsky, L."]
[Result "1-0"]
[WhiteElo "2157"]
[BlackElo "2205"]
[PlyCount "69"]
[EventDate "2013.??.??"]
[WhiteTeam "VAS"]
[BlackTeam "Österreich"]

1. f4 d5 2. Nf3 g6 3. e3 Bg7 4. d3 c6 5. Be2 Nd7 6. O-O e5 7. fxe5 Nxe5 8. Nc3
Ne7 9. Nxe5 Bxe5 10. Bf3 Qc7 11. e4 d4 12. Ne2 Bxh2+ 13. Kh1 Be5 14. c3 c5 15.
cxd4 cxd4 16. Bh6 Nc6 17. Qd2 Qe7 18. Bg5 f6 19. Bh6 Be6 20. Nf4 Nd8 21. Rac1
Nf7 22. Nxe6 Qxe6 23. Bd1 Nxh6 24. Qxh6 Qe7 25. Ba4+ Kd8 26. Qh3 a6 27. Rc2 b5
28. Bb3 Bc7 29. Rfc1 Ra7 30. Rc5 Ke8 31. Rc6 Qd7 32. Be6 Qe7 33. Bd5 Kd8 34.
Re6 Qg7 35. Rd6+ 1-0

[Event "?"]
[Site "?"]
[Date "????.??.??"]
[Round "?"]
[White "Woeber, F."]
[Black "Jongsma, A."]
[Result "1-0"]
[WhiteElo "2192"]
[BlackElo "2148"]
[PlyCount "97"]
[EventDate "2013.??.??"]
[WhiteTeam "Österreich"]
[BlackTeam "VAS"]

1. e4 c5 2. Nf3 Nf6 3. e5 Nd5 4. Nc3 Nxc3 5. dxc3 Nc6 6. Bf4 Qc7 7. Qd2 e6 8.
O-O-O b6 9. Bd3 h6 10. h4 Bb7 11. Rhe1 O-O-O 12. Be4 Na5 13. Qe2 f5 14. Bxb7+
Qxb7 15. h5 Be7 16. Rg1 Rdf8 17. Rge1 Rf7 18. Kb1 b5 19. b3 a6 20. Bd2 Nc6 21.
Bc1 Bd8 22. Nh2 Bc7 23. f4 Ne7 24. c4 b4 25. Be3 g5 26. hxg6 Nxg6 27. g3 Qc6
28. Qf2 d6 29. exd6 Bxd6 30. Rxd6 Qxd6 31. Bxc5 Qc6 32. Bxb4 Rd8 33. Nf3 Rb7
34. Ba5 Rd6 35. c5 Rd5 36. Bb6 Rbd7 37. Qe2 Re7 38. Qxa6+ Kd7 39. Qf1 e5 40. c4
Rxc5 41. Bxc5 Qxc5 42. Qd3+ Qd6 43. Nxe5+ Nxe5 44. Qxd6+ Kxd6 45. Rxe5 Rxe5 46.
fxe5+ Kxe5 47. Kc2 h5 48. c5 Kd5 49. Kd3 1-0

[Event "?"]
[Site "?"]
[Date "????.??.??"]
[Round "?"]
[White "Van Dongen, R."]
[Black "Danner, L."]
[Result "0-1"]
[WhiteElo "1986"]
[BlackElo "2124"]
[PlyCount "102"]
[EventDate "2013.??.??"]
[WhiteTeam "VAS"]
[BlackTeam "Österreich"]

1. d4 f5 2. Nc3 Nf6 3. Bg5 e6 4. e4 fxe4 5. Nxe4 Be7 6. Nxf6+ Bxf6 7. Bxf6 Qxf6
8. Nf3 d6 9. Bd3 Nc6 10. c3 Bd7 11. O-O O-O-O 12. Qc2 g5 13. Nd2 Rdf8 14. Ne4
Qg7 15. Rfe1 g4 16. Re3 e5 17. dxe5 Nxe5 18. Ng3 h5 19. Bf5 h4 20. Bxd7+ Qxd7
21. Nf1 h3 22. Rg3 hxg2 23. Rxg2 Nf3+ 24. Kh1 Qc6 25. Qg6 Rfg8 26. Qe6+ Kb8 27.
Rd1 Nh4 28. Qd5 Nxg2 29. Qxc6 bxc6 30. Kxg2 c5 31. Ne3 Rh5 32. Kg3 Re5 33. Rd5
Re4 34. Rf5 Kc8 35. Rf4 Rxf4 36. Kxf4 Rf8+ 37. Kg3 Rf3+ 38. Kg2 Rf4 39. Kg3 Re4
40. Nxg4 Re2 41. h4 Kd7 42. h5 Ke6 43. Kf4 Rxb2 44. Kg5 Kf7 45. h6 a5 46. f4
Rxa2 47. f5 Rg2 48. Kf4 a4 49. Ne3 Rh2 50. Ng4 Rh1 51. Kg5 a3 0-1

[Event "?"]
[Site "?"]
[Date "????.??.??"]
[Round "?"]
[White "Burnett, J."]
[Black "Vogt, L."]
[Result "0-1"]
[WhiteElo "2117"]
[BlackElo "2402"]
[PlyCount "80"]
[EventDate "2013.??.??"]
[WhiteTeam "England 2"]
[BlackTeam "SC Eppingen"]

1. d4 Nf6 2. c4 g6 3. g3 Bg7 4. Bg2 O-O 5. Nc3 d6 6. Nf3 c6 7. O-O Bf5 8. Nh4
Be6 9. d5 cxd5 10. cxd5 Bd7 11. Nf3 Na6 12. Be3 Qa5 13. h3 Rfc8 14. Qd2 Nc5 15.
Nd4 Na4 16. Nxa4 Qxd2 17. Bxd2 Bxa4 18. Bc3 Rc5 19. e4 Rac8 20. Rfe1 Nd7 21.
Bf1 Nb6 22. Ne2 Bb5 23. Bxg7 Kxg7 24. Nd4 Bxf1 25. Kxf1 a6 26. b3 Rc3 27. Ke2
Kf6 28. Kd2 R3c7 29. Re3 e5 30. dxe6 fxe6 31. Rd3 Ke7 32. Rd1 Nd7 33. f4 e5 34.
Ne2 Nc5 35. Re3 Ne6 36. fxe5 Rc2+ 37. Kd3 dxe5 38. Rd2 R2c6 39. Ng1 Rc3+ 40.
Ke2 Nd4+ 0-1

[Event "?"]
[Site "?"]
[Date "????.??.??"]
[Round "?"]
[White "Sandmeier, T."]
[Black "Macdonald-Ross, M."]
[Result "1-0"]
[WhiteElo "2204"]
[BlackElo "2136"]
[PlyCount "103"]
[EventDate "2013.??.??"]
[WhiteTeam "SC Eppingen"]
[BlackTeam "England 2"]

1. c4 e6 2. g3 Nf6 3. Bg2 d5 4. Nf3 Be7 5. O-O O-O 6. b3 Nbd7 7. Bb2 b6 8. d4
Bb7 9. Nc3 c5 10. cxd5 Nxd5 11. Nxd5 Bxd5 12. Rc1 cxd4 13. Nxd4 Bxg2 14. Kxg2
Bg5 15. e3 Nc5 16. Ba3 Rc8 17. Qf3 Qf6 18. Rc4 e5 19. Qxf6 Bxf6 20. Nf5 g6 21.
Nh6+ Kh8 22. Ng4 Bg7 23. h4 e4 24. Rfc1 Rce8 25. Bxc5 bxc5 26. Rxc5 h5 27. Nh2
Re6 28. Ra5 a6 29. Rc7 Kg8 30. Ra7 Rc8 31. R5xa6 Rxa6 32. Rxa6 Rc2 33. g4 Be5
34. Nf1 hxg4 35. Ng3 Bxg3 36. Kxg3 Rb2 37. Ra4 f5 38. b4 Kg7 39. a3 Kh6 40. Ra5
Kh5 41. Ra8 Kh6 42. Ra5 Kh5 43. b5 Rb3 44. Ra8 g5 45. Rh8+ Kg6 46. a4 Rb1 47.
Rg8+ Kf6 48. hxg5+ Kf7 49. Ra8 Kg6 50. Kf4 Rf1 51. Ra6+ Kg7 52. Kxf5 1-0

[Event "?"]
[Site "?"]
[Date "????.??.??"]
[Round "?"]
[White "Ashby, A."]
[Black "Dekan, H."]
[Result "1-0"]
[WhiteElo "2116"]
[BlackElo "2172"]
[PlyCount "131"]
[EventDate "2013.??.??"]
[WhiteTeam "England 2"]
[BlackTeam "SC Eppingen"]

1. d4 d5 2. Nf3 Nf6 3. e3 c5 4. b3 Nc6 5. Bd3 Bg4 6. c3 e5 7. dxe5 Nxe5 8. Bb5+
Nc6 9. h3 Bh5 10. O-O Bd6 11. Bb2 O-O 12. Be2 Rc8 13. Nbd2 Bb8 14. g3 Re8 15.
Rc1 Qe7 16. Nh4 Bxe2 17. Qxe2 Qe6 18. Kh2 a6 19. Ndf3 h6 20. Ng2 g5 21. Ng1
Rcd8 22. Qc2 Ne4 23. Rce1 h5 24. f4 h4 25. gxh4 g4 26. hxg4 Qxg4 27. Qe2 Qg3+
28. Kh1 Re6 29. Qf3 Qg7 30. Nh3 Ng3+ 31. Kh2 Nxf1+ 32. Rxf1 f6 33. Kh1 Qh6 34.
Qg4+ Kf8 35. Qxe6 Qg7 36. Kh2 Ne7 37. Qb6 Rd7 38. Rf3 Bd6 39. b4 Nf5 40. bxc5
Qg4 41. Ng1 Rg7 42. Qd8+ Kf7 43. Qd7+ Be7 44. Qxd5+ Ke8 45. Rh3 Bxc5 46. Qf3
Nxe3 47. Qxg4 Nxg4+ 48. Kh1 Rd7 49. Rg3 f5 50. Ne1 Rd2 51. Rg2 Bf2 52. Nh3 Rd1
53. Rxf2 Nxf2+ 54. Nxf2 Rxe1+ 55. Kg2 Re2 56. Ba3 Rxa2 57. Bc5 Rc2 58. Bd4 a5
59. Kg3 a4 60. h5 Kf7 61. Nh3 Rd2 62. Ng5+ Kg8 63. Be5 Rd5 64. h6 Rxe5 65. fxe5
a3 66. e6 1-0

[Event "?"]
[Site "?"]
[Date "????.??.??"]
[Round "?"]
[White "Westerinen, H."]
[Black "Meier, W."]
[Result "1-0"]
[WhiteElo "2283"]
[BlackElo "2188"]
[PlyCount "67"]
[EventDate "2013.??.??"]
[WhiteTeam "Finnland"]
[BlackTeam "SV Lok Dresden"]

1. e4 c5 2. Nf3 d6 3. d4 cxd4 4. Nxd4 Nf6 5. Nc3 a6 6. a4 e5 7. Nf3 Qc7 8. Bg5
Nbd7 9. Nd2 h6 10. Be3 b6 11. Bc4 Bb7 12. f3 Be7 13. O-O O-O 14. Qe2 Nc5 15.
Rfd1 Bc6 16. Bxc5 bxc5 17. Bxa6 Qb6 18. Bb5 Ne8 19. Nc4 Qb7 20. Bxc6 Qxc6 21.
Nd5 Bd8 22. b3 g6 23. Qd3 Kg7 24. a5 Qa6 25. Ra4 Rc8 26. Nxe5 Qxd3 27. Nxd3 Nf6
28. Nb2 Nxd5 29. Rxd5 Bc7 30. Nc4 Rfd8 31. Kf2 Ra8 32. Ke3 Ra6 33. c3 Rc6 34.
Kd3 1-0

[Event "?"]
[Site "?"]
[Date "????.??.??"]
[Round "?"]
[White "Goldberg, V."]
[Black "Vinke, D."]
[Result "1/2-1/2"]
[WhiteElo "2150"]
[BlackElo "2225"]
[PlyCount "118"]
[EventDate "2013.??.??"]
[WhiteTeam "SV Lok Dresden"]
[BlackTeam "Finnland"]

1. e4 c6 2. d4 d5 3. e5 Bf5 4. Nd2 e6 5. Nb3 Nd7 6. Be3 Ne7 7. f4 h5 8. Nf3 Bg4
9. h3 Nf5 10. Bf2 Bxf3 11. Qxf3 h4 12. Bd3 g6 13. O-O Be7 14. a4 a5 15. Rfd1
Kf8 16. Bxf5 gxf5 17. Kh2 Ke8 18. Nc5 Bxc5 19. dxc5 Qe7 20. Qc3 Rg8 21. Rdb1 f6
22. Bxh4 Qg7 23. Rg1 fxe5 24. fxe5 Qh6 25. g3 Qf8 26. b4 axb4 27. Qxb4 Rb8 28.
a5 Qxc5 29. Qxc5 Nxc5 30. Rgb1 Kd7 31. Rb6 Ra8 32. Bf6 Ra7 33. h4 Ne4 34. a6
Kc7 35. Rxb7+ Rxb7 36. axb7 Kxb7 37. Re1 Kc7 38. h5 Nxf6 39. exf6 Kd6 40. Kh3
e5 41. f7 Rf8 42. Kh4 Rxf7 43. h6 e4 44. Kg5 Ke5 45. Kg6 Rf8 46. h7 d4 47. Rf1
Rh8 48. Rxf5+ Ke6 49. Rf1 e3 50. g4 c5 51. g5 c4 52. Kg7 e2 53. Re1 Rxh7+ 54.
Kxh7 d3 55. g6 Kd7 56. cxd3 cxd3 57. g7 d2 58. Rxe2 d1=Q 59. g8=Q Qxe2 1/2-1/2

[Event "?"]
[Site "?"]
[Date "????.??.??"]
[Round "?"]
[White "Morant, P."]
[Black "Eskandary, J."]
[Result "1-0"]
[WhiteElo "2166"]
[BlackElo "2108"]
[PlyCount "69"]
[EventDate "2013.??.??"]
[WhiteTeam "Finnland"]
[BlackTeam "SV Lok Dresden"]

1. e4 e5 2. Nf3 Nc6 3. Bb5 a6 4. Ba4 d6 5. O-O Bg4 6. h3 Bd7 7. c3 h6 8. d4 Qf6
9. Re1 Nge7 10. Na3 b5 11. Bb3 Na5 12. Bc2 g5 13. Be3 Rg8 14. Nh2 Ng6 15. Bd3
Nf4 16. Bf1 Qg6 17. c4 bxc4 18. Rc1 Be7 19. Nxc4 Nxc4 20. Rxc4 Bd8 21. dxe5
dxe5 22. Rc5 Qd6 23. Qc2 c6 24. Rd1 Qc7 25. Rc3 Be7 26. Bc4 Rg6 27. Qb3 Be6 28.
Bb6 Qc8 29. Qa4 Bxc4 30. Qxc4 Rb8 31. Rb3 Rd6 32. Rxd6 Bxd6 33. a4 Ne6 34. Ng4
Qd7 35. Nf6+ 1-0

[Event "?"]
[Site "?"]
[Date "????.??.??"]
[Round "?"]
[White "Goerden, H."]
[Black "Kivipelto, K."]
[Result "1/2-1/2"]
[WhiteElo "1930"]
[BlackElo "2177"]
[PlyCount "49"]
[EventDate "2013.??.??"]
[WhiteTeam "SV Lok Dresden"]
[BlackTeam "Finnland"]

1. e4 Nf6 2. e5 Nd5 3. Nf3 d6 4. Bc4 dxe5 5. Nxe5 e6 6. Qf3 Nf6 7. O-O Nbd7 8.
d4 Nb6 9. Bb5+ c6 10. Nxc6 bxc6 11. Bxc6+ Bd7 12. Bxa8 Nxa8 13. c4 Be7 14. Qg3
O-O 15. Bh6 Ne8 16. Be3 Nd6 17. b3 Bc6 18. Rd1 Nf5 19. Qh3 Nxe3 20. Qxe3 Bg5
21. f4 Bf6 22. Nc3 Qa5 23. Ne4 Be7 24. Ng3 Bf6 25. Ne4 1/2-1/2

[Event "?"]
[Site "?"]
[Date "????.??.??"]
[Round "?"]
[White "Villing, D."]
[Black "Stebbings, A."]
[Result "0-1"]
[WhiteElo "2120"]
[BlackElo "2281"]
[PlyCount "33"]
[EventDate "2013.??.??"]
[WhiteTeam "Schachfreunde Rhein"]
[BlackTeam "England 1"]

1. d4 Nf6 2. Nc3 d5 3. Bg5 Nbd7 4. f3 c6 5. Qd2 h6 6. Bh4 e6 7. e4 Nxe4 8. fxe4
Qxh4+ 9. g3 Qd8 10. Nge2 Bb4 11. a3 Qa5 12. Bg2 O-O 13. O-O dxe4 14. Bxe4 e5
15. Rad1 Nf6 16. Bg2 exd4 17. axb4 0-1

[Event "?"]
[Site "?"]
[Date "????.??.??"]
[Round "?"]
[White "Norman, K."]
[Black "Goy, U."]
[Result "1/2-1/2"]
[WhiteElo "2172"]
[BlackElo "2220"]
[PlyCount "70"]
[EventDate "2013.??.??"]
[WhiteTeam "England 1"]
[BlackTeam "Schachfreunde Rhein"]

1. Nf3 d6 2. d4 Nf6 3. c4 Nbd7 4. Nc3 e5 5. e4 Be7 6. Be2 O-O 7. O-O c6 8. Re1
Qc7 9. Bf1 Re8 10. Rb1 a5 11. a3 Nf8 12. h3 Ng6 13. d5 Bd7 14. Bg5 h6 15. Bxf6
Bxf6 16. b4 axb4 17. axb4 Be7 18. dxc6 bxc6 19. b5 Reb8 20. bxc6 Qxc6 21. Nd5
Bd8 22. Qd3 Qc5 23. Rxb8 Rxb8 24. Rb1 Ra8 25. Qe3 Qxe3 26. Nxe3 Bc6 27. Nd5 Kf8
28. Ne1 Nf4 29. Nc2 Nxd5 30. cxd5 Bd7 31. Ne3 g6 32. Nc4 Ke7 33. Bd3 Ra7 34. g4
Bc7 35. Kg2 Kd8 1/2-1/2

[Event "?"]
[Site "?"]
[Date "????.??.??"]
[Round "?"]
[White "Krebs, D."]
[Black "Yeo, M."]
[Result "1/2-1/2"]
[WhiteElo "2080"]
[BlackElo "2170"]
[PlyCount "62"]
[EventDate "2013.??.??"]
[WhiteTeam "Schachfreunde Rhein"]
[BlackTeam "England 1"]

1. e4 e5 2. Nf3 Nc6 3. Bb5 Nf6 4. Nc3 Bc5 5. O-O O-O 6. d3 d6 7. Bg5 h6 8. Bh4
Be6 9. Bxc6 bxc6 10. d4 exd4 11. Nxd4 g5 12. Bg3 Qd7 13. Qd3 Nh5 14. Rad1 Rad8
15. Kh1 Rfe8 16. f4 Bxd4 17. Qxd4 Nxg3+ 18. hxg3 f5 19. Rfe1 Qf7 20. b3 a5 21.
Kg1 Rf8 22. e5 Rfe8 23. Qe3 Qg7 24. Rd3 Bc8 25. Qd2 Ba6 26. Rd4 c5 27. Rd5 Bb7
28. Rd3 Ba6 29. Rd5 Bb7 30. Rd3 Ba6 31. Rd5 Bb7 1/2-1/2

[Event "?"]
[Site "?"]
[Date "????.??.??"]
[Round "?"]
[White "Byway, P."]
[Black "Weller, K."]
[Result "1-0"]
[WhiteElo "2140"]
[BlackElo "1967"]
[PlyCount "115"]
[EventDate "2013.??.??"]
[WhiteTeam "England 1"]
[BlackTeam "Schachfreunde Rhein"]

1. Nf3 Nf6 2. c4 g6 3. g3 c6 4. Bg2 Bg7 5. O-O O-O 6. d4 d5 7. Nbd2 Ne4 8. e3
e6 9. Qc2 f5 10. b3 c5 11. Bb2 Nc6 12. a3 cxd4 13. exd4 Bh6 14. Rad1 Bd7 15. b4
Rc8 16. Qb3 Be8 17. c5 Bg7 18. Ne5 Nxe5 19. dxe5 Nxd2 20. Rxd2 Qc7 21. f4 Bb5
22. Rc1 Rfd8 23. Bf1 Bxf1 24. Rxf1 g5 25. fxg5 Bxe5 26. Re1 Bxb2 27. Qxb2 Re8
28. Rde2 Qf7 29. Qe5 Rcd8 30. Qd4 Qg6 31. Qf4 Qf7 32. g4 fxg4 33. Qxg4 d4 34.
Rf2 Qg7 35. Rxe6 Rxe6 36. Qxe6+ Kh8 37. Qf6 Rg8 38. Kf1 Re8 39. Qxg7+ Kxg7 40.
Re2 Rf8+ 41. Ke1 Rf7 42. Re4 Rf3 43. Rxd4 Rxa3 44. Rd7+ Kg6 45. Rxb7 a6 46. Kd2
Ra2+ 47. Kd3 Rxh2 48. Rb6+ Kxg5 49. Rxa6 Kf5 50. Kc4 Ke5 51. Rd6 Rh1 52. Rd8
Ke6 53. Kb5 Ke7 54. Rd4 h5 55. c6 h4 56. c7 Rc1 57. Rxh4 Kd7 58. Rc4 1-0

[Event "?"]
[Site "?"]
[Date "????.??.??"]
[Round "?"]
[White "Vucenovic, D."]
[Black "Hülsmann, J."]
[Result "1-0"]
[WhiteElo "2271"]
[BlackElo "2180"]
[PlyCount "123"]
[EventDate "2013.??.??"]
[WhiteTeam "Schweiz"]
[BlackTeam "Mattadore Rheinland"]

1. Nf3 d5 2. b3 Bg4 3. Ne5 Bf5 4. Bb2 f6 5. Nf3 e5 6. d3 c6 7. a3 Bd6 8. Nbd2
Ne7 9. e4 Bg6 10. g3 O-O 11. Nh4 Bf7 12. Bh3 Na6 13. O-O Nc5 14. Qe2 Qc7 15.
Rac1 dxe4 16. dxe4 Ne6 17. c3 Rad8 18. b4 Ng5 19. Bg2 Qc8 20. Nc4 Bc7 21. Ne3
Kh8 22. Nhf5 Ng8 23. h4 Ne6 24. Ng4 Bh5 25. Bf3 Bb6 26. Rcd1 Qc7 27. Nfe3 Bf7
28. Nc4 Ne7 29. Nxb6 Qxb6 30. Bc1 Qb5 31. Ne3 Qxe2 32. Bxe2 Rxd1 33. Rxd1 Rd8
34. Rxd8+ Nxd8 35. Nc4 Nc8 36. f4 b5 37. Na5 Nd6 38. Bd3 h6 39. Be3 Nc8 40. f5
Kg8 41. Bc5 g6 42. g4 Kg7 43. Kf2 Bg8 44. Ke3 Bf7 45. Kd2 Bg8 46. c4 bxc4 47.
Nxc4 Nb7 48. Be3 g5 49. h5 Kf8 50. a4 Ke7 51. a5 Kd7 52. Kc3 Nd8 53. Nb2 Ba2
54. Na4 Kc7 55. Bc5 Kd7 56. Bf8 Ke8 57. Bxh6 Nd6 58. Bg7 Kf7 59. h6 N8b7 60.
Nc5 Nxc5 61. bxc5 Ne8 62. Kb4 1-0

[Event "?"]
[Site "?"]
[Date "????.??.??"]
[Round "?"]
[White "Groß, W."]
[Black "Bhend, E."]
[Result "1/2-1/2"]
[WhiteElo "2223"]
[BlackElo "2221"]
[PlyCount "91"]
[EventDate "2013.??.??"]
[WhiteTeam "Mattadore Rheinland"]
[BlackTeam "Schweiz"]

1. c4 e5 2. Nc3 Nf6 3. g3 Be7 4. Bg2 O-O 5. Nf3 d6 6. d4 Nbd7 7. O-O c6 8. e4
Re8 9. h3 Bf8 10. Re1 a6 11. Qc2 b6 12. Be3 Bb7 13. b3 Rc8 14. Rad1 Qc7 15. Kh2
Qb8 16. Nh4 b5 17. f4 exd4 18. Bxd4 b4 19. Nb1 c5 20. Bg1 g6 21. Re2 Re6 22.
Rde1 Rce8 23. Bf3 Qc7 24. Nd2 Nb8 25. Ng2 Nc6 26. Qd3 Bg7 27. Ne3 Nd4 28. Nd5
Bxd5 29. cxd5 Nxe2 30. dxe6 Nxg1 31. exf7+ Qxf7 32. Kxg1 Qc7 33. Qxa6 g5 34.
fxg5 Nd7 35. Qd3 Bc3 36. Rf1 Kh8 37. Bg2 Ne5 38. Qd5 Qe7 39. h4 Rf8 40. Rf5
Bd4+ 41. Kh1 Ng4 42. Rxf8+ Qxf8 43. Qf5 Nf2+ 44. Kh2 Qxf5 45. exf5 Ng4+ 46. Kh3
1/2-1/2

[Event "?"]
[Site "?"]
[Date "????.??.??"]
[Round "?"]
[White "Hohler, P."]
[Black "Kurka, D."]
[Result "1/2-1/2"]
[WhiteElo "2180"]
[BlackElo "2069"]
[PlyCount "67"]
[EventDate "2013.??.??"]
[WhiteTeam "Schweiz"]
[BlackTeam "Mattadore Rheinland"]

1. d4 Nf6 2. c4 e6 3. Nc3 d5 4. Bg5 Be7 5. e3 h6 6. Bxf6 Bxf6 7. Nf3 c6 8. Bd3
Nd7 9. O-O O-O 10. Re1 dxc4 11. Bxc4 e5 12. h3 exd4 13. exd4 Nb6 14. Bb3 Bf5
15. Ne5 Nd5 16. Qf3 Be6 17. Ne4 Re8 18. Nc5 Rb8 19. Rad1 Qd6 20. Ne4 Qd8 21. a3
Rc8 22. Nc4 Be7 23. Qg3 Rc7 24. Nc5 Bc8 25. Bc2 b6 26. Nd3 Be6 27. Nce5 Bd6 28.
Qf3 Qf6 29. Qxf6 gxf6 30. Ng4 Kg7 31. Ne3 Ree7 32. Kf1 Nxe3+ 33. Rxe3 Bc4 34.
Rde1 1/2-1/2

[Event "?"]
[Site "?"]
[Date "????.??.??"]
[Round "?"]
[White "Neumann, H."]
[Black "Illi, H."]
[Result "0-1"]
[WhiteElo "1908"]
[BlackElo "2129"]
[PlyCount "68"]
[EventDate "2013.??.??"]
[WhiteTeam "Mattadore Rheinland"]
[BlackTeam "Schweiz"]

1. d4 Nf6 2. Nf3 g6 3. Bg5 Bg7 4. Nbd2 O-O 5. e3 d6 6. Be2 Nbd7 7. O-O c6 8. c4
Qc7 9. Rc1 e5 10. Qc2 Re8 11. Bd3 b6 12. b4 Bb7 13. dxe5 dxe5 14. e4 Nf8 15. h3
Ne6 16. Be3 Nh5 17. g3 Rad8 18. Be2 Nd4 19. Bxd4 exd4 20. Kh2 c5 21. b5 d3 22.
Bxd3 Qd7 23. Be2 Bc8 24. Ng1 Qxd2 25. Bxh5 Qxc2 26. Rxc2 gxh5 27. f3 Rd3 28.
Ne2 Be5 29. f4 Bd4 30. e5 h4 31. g4 h5 32. gxh5 Rxh3+ 33. Kg2 Rd3 34. Rfc1 Bh3+
0-1

[Event "?"]
[Site "?"]
[Date "????.??.??"]
[Round "?"]
[White "Weichelt, S."]
[Black "Giulian, P."]
[Result "1-0"]
[WhiteElo "1649"]
[BlackElo "2230"]
[PlyCount "103"]
[EventDate "2013.??.??"]
[WhiteTeam "Schachklub Heidenau"]
[BlackTeam "Schottland"]

1. e4 e6 2. d4 d5 3. Nd2 h6 4. e5 c5 5. c3 Nc6 6. Ne2 Qb6 7. Nf3 g5 8. h3 Bd7
9. Rb1 O-O-O 10. Be3 f6 11. a3 Kb8 12. exf6 Nxf6 13. Ne5 Be8 14. b4 c4 15. Ng3
Qc7 16. f4 Bd6 17. Qe2 Qg7 18. b5 Ne7 19. Qd2 gxf4 20. Bxf4 Ng6 21. Nxg6 Qxg6
22. Rb2 Ne4 23. Bxd6+ Rxd6 24. Nxe4 Qxe4+ 25. Qe2 Bg6 26. Rg1 Qf4 27. Qd2 Qg3+
28. Kd1 Bh5+ 29. Be2 Bxe2+ 30. Kxe2 e5 31. Qe3 Rg8 32. dxe5 Re6 33. Qxg3 Rxg3
34. Rc2 Rxe5+ 35. Kf2 Rd3 36. a4 Kc7 37. Rgc1 Kd6 38. Rb1 Ree3 39. Rbc1 Ke5 40.
Re1 Rxe1 41. Kxe1 Kf4 42. Rf2+ Ke5 43. Rf7 Rxc3 44. Rxb7 d4 45. Rxa7 d3 46. b6
Rb3 47. Ra5+ Kd4 48. Rb5 Ra3 49. b7 Ra1+ 50. Kf2 d2 51. b8=Q d1=Q 52. Qe5+ 1-0

[Event "?"]
[Site "?"]
[Date "????.??.??"]
[Round "?"]
[White "Bhopal, R."]
[Black "Lauterbach, E."]
[Result "1-0"]
[WhiteElo "2077"]
[BlackElo "1705"]
[PlyCount "75"]
[EventDate "2013.??.??"]
[WhiteTeam "Schottland"]
[BlackTeam "Schachklub Heidenau"]

1. Nf3 d5 2. d4 Nf6 3. Bf4 e6 4. e3 c5 5. c3 Qb6 6. Qc2 Nbd7 7. a4 Bd6 8. a5
Qc7 9. Bxd6 Qxd6 10. Nbd2 O-O 11. Be2 Re8 12. O-O e5 13. Rfd1 e4 14. Ne1 cxd4
15. cxd4 Nf8 16. Rdc1 Bd7 17. Qc5 Qc6 18. Qb4 Qe6 19. Rc7 Bc6 20. a6 b6 21. Rc1
Bd7 22. Nb1 Rec8 23. Rxc8 Rxc8 24. Rxc8 Bxc8 25. Nc3 Bd7 26. Nc2 Bc6 27. Na3
Qc8 28. Qe7 N8d7 29. Nc2 h6 30. Nb4 Qc7 31. g3 Qc8 32. Kg2 Qc7 33. h3 Qc8 34.
Qd6 Nb8 35. Nbxd5 Nxd5 36. Nxd5 Bxd5 37. Qxd5 Nxa6 38. Bc4 1-0

[Event "?"]
[Site "?"]
[Date "????.??.??"]
[Round "?"]
[White "Hanisch, W."]
[Black "Marks, I."]
[Result "0-1"]
[WhiteElo "1211"]
[BlackElo "1981"]
[PlyCount "54"]
[EventDate "2013.??.??"]
[WhiteTeam "Schachklub Heidenau"]
[BlackTeam "Schottland"]

1. e4 c6 2. Nf3 d5 3. e5 Bg4 4. d4 e6 5. Bd3 c5 6. Be3 Qb6 7. b3 Nc6 8. c3 cxd4
9. cxd4 Bb4+ 10. Nbd2 Nge7 11. O-O Bc3 12. Rc1 Bxd4 13. h3 Bxf3 14. Nxf3 Bxe3
15. Rc3 Bf4 16. Qe2 O-O 17. a3 Rac8 18. Qc2 Ng6 19. Kh1 Nce7 20. g3 Bxe5 21.
Nxe5 Nxe5 22. Bxh7+ Kh8 23. Bd3 Rxc3 24. Qe2 Nxd3 25. b4 Rfc8 26. Kg2 Ng6 27.
f4 Rc2 0-1

[Event "?"]
[Site "?"]
[Date "????.??.??"]
[Round "?"]
[White "Dawson, A."]
[Black "Weiß, H."]
[Result "1-0"]
[WhiteElo "1900"]
[BlackElo "1632"]
[PlyCount "97"]
[EventDate "2013.??.??"]
[WhiteTeam "Schottland"]
[BlackTeam "Schachklub Heidenau"]

1. d4 d5 2. e3 Nf6 3. Bd3 e6 4. Nd2 Nc6 5. f4 Be7 6. c3 b6 7. Ngf3 Bb7 8. O-O
Ng4 9. Qe2 Bf6 10. Ne5 Nh6 11. Ndf3 O-O 12. e4 Nxe5 13. fxe5 Be7 14. exd5 Bxd5
15. Bxh6 gxh6 16. Nd2 Bg5 17. Ne4 f6 18. exf6 Bxf6 19. Nxf6+ Rxf6 20. Rxf6 Qxf6
21. Rf1 Qg7 22. Rf4 Kh8 23. Qf2 Rg8 24. g3 Qg5 25. c4 Bc6 26. Qe1 Qg7 27. Qxe6
Bd7 28. Qf7 Qxf7 29. Rxf7 Rg7 30. Rf8+ Rg8 31. Rxg8+ Kxg8 32. Kf2 Kg7 33. Ke3
h5 34. Kf4 h6 35. Bf5 Be8 36. Ke5 Kf7 37. b4 Ke7 38. b5 c6 39. a4 cxb5 40. axb5
Bf7 41. Bd3 Be8 42. c5 bxc5 43. dxc5 Kd7 44. Kf6 Kd8 45. Kg7 Kc7 46. Kxh6 Kb7
47. h3 Kc7 48. g4 hxg4 49. hxg4 1-0